| 000 | 00378nam a2200145Ia 4500 | ||
|---|---|---|---|
| 008 | 230312s9999||||xx |||||||||||||| ||und|| | ||
| 020 | _a9781133788867 | ||
| 082 |
_a781.49 _bKRA-P |
||
| 100 | _aKrantz,Joel | ||
| 245 | 0 | _aPro Tools 10 advanced post production techniques | |
| 260 |
_bCengage _aUSA _c2013 |
||
| 300 | _a487 | ||
| 650 |
_aComputer _vElectronic books |
||
| 942 | _cBK | ||
| 999 |
_c18055 _d18055 |
||